[Event "?"]
[Site "?"]
[Date "2011.08.14"]
[Round "5.24"]
[White "Raabe, Stefan"]
[Black "Sharifi Shamili, Ashkan"]
[Result "0-1"]
[WhiteElo "1712"]
[BlackElo "1913"]
[PlyCount "71"]
[EventDate "2011.??.??"]
[WhiteTeam "SGrupp Rochade Disteln 199"]
[BlackTeam "Düsseldorfer SK 14/25 e."]

1. e4 c5 2. f4 g6 3. Nf3 Bg7 4. c3 Nc6 5. d4 cxd4 6. cxd4 Qb6 7. e5 Nh6 8. d5
Nb4 9. h3 Nf5 10. Qb3 Ng3 11. Rg1 Nxf1 12. Rxf1 Qc5 13. Nc3 b6 14. Ne4 Qb5 15.
Nd4 Nd3+ 16. Kd2 Qa5+ 17. Ke3 Nc5 18. Qc3 Qa6 19. Rd1 Nxe4 20. Kxe4 Bb7 21. Qb3
O-O 22. Nb5 e6 23. Be3 Bxd5+ 24. Rxd5 exd5+ 25. Qxd5 Rac8 26. g4 Qa4+ 27. Kf3
Rc2 28. f5 Rfc8 29. Nd6 Qc6 30. Qxc6 R8xc6 31. Bd4 Rxd6 32. exd6 Bxd4 33. Re1
Bc5 34. Re8+ Kg7 35. Rc8 gxf5 36. gxf5 0-1

[Event "?"]
[Site "?"]
[Date "2011.08.14"]
[Round "5.25"]
[White "Plitt, Stefan"]
[Black "de Vivie, Achim"]
[Result "1/2-1/2"]
[WhiteElo "1592"]
[BlackElo "1768"]
[PlyCount "63"]
[EventDate "2011.??.??"]
[WhiteTeam "SF Köln-Mülheim e.V."]
[BlackTeam "SF Köln-Longerich 195"]

1. c4 e5 2. Nc3 Nc6 3. Nf3 g6 4. d4 exd4 5. Nxd4 Nge7 6. Bf4 Bg7 7. e3 O-O 8.
Be2 d6 9. Rc1 Nxd4 10. exd4 Nf5 11. d5 Nd4 12. O-O Nxe2+ 13. Qxe2 Re8 14. Qd2
Bf5 15. b4 Be5 16. Rfe1 Bxf4 17. Rxe8+ Qxe8 18. Qxf4 Qe7 19. g4 Bd7 20. Ne4 f5
21. gxf5 Bxf5 22. Re1 Kg7 23. Qg5 Re8 24. Qxe7+ Rxe7 25. f3 c6 26. dxc6 bxc6
27. Kf2 d5 28. cxd5 cxd5 29. Nd6 Rd7 30. Nxf5+ gxf5 31. a4 Kf6 32. f4 1/2-1/2

[Event "?"]
[Site "?"]
[Date "2011.08.14"]
[Round "5.26"]
[White "Andrijenko, Anatoliy"]
[Black "Knütter, Helmut"]
[Result "1-0"]
[WhiteElo "1742"]
[BlackElo "1592"]
[PlyCount "97"]
[EventDate "2011.??.??"]
[WhiteTeam "SF Köln-Longerich 195"]
[BlackTeam "SK Sülz-Klettenberg"]

1. e4 e6 2. d4 d5 3. exd5 exd5 4. Nf3 Bd6 5. c4 c6 6. Nc3 Ne7 7. cxd5 Nxd5 8.
Bc4 Nxc3 9. bxc3 O-O 10. O-O h6 11. Re1 Re8 12. Rxe8+ Qxe8 13. Be3 Be6 14. Bd3
Nd7 15. Qd2 Bf8 16. Re1 Qd8 17. h3 Qf6 18. Bf4 Bd5 19. Ne5 Bd6 20. c4 Be6 21.
Bg3 Nf8 22. Qc2 Bxe5 23. Bxe5 Qg5 24. Re3 g6 25. Rg3 Qh5 26. f4 Kh7 27. Bf6 Re8
28. Rf3 Qa5 29. f5 Bxf5 30. Bxf5 gxf5 31. Rxf5 Qe1+ 32. Rf1+ Qe4 33. Qxe4+ Rxe4
34. Be5 Kg8 35. Kf2 Ng6 36. Kf3 Rh4 37. Bf6 Rh5 38. Ke4 Ra5 39. Rf2 Kf8 40. Rb2
b6 41. c5 b5 42. Rc2 Ke8 43. h4 h5 44. g4 hxg4 45. h5 Nf8 46. Kf5 g3 47. Re2+
Ne6 48. h6 g2 49. Rxg2 1-0

[Event "?"]
[Site "?"]
[Date "2011.08.14"]
[Round "5.27"]
[White "Karwatzki, Hans-Jürgen"]
[Black "Vaskovitch, Mark"]
[Result "1/2-1/2"]
[WhiteElo "1561"]
[BlackElo "1738"]
[PlyCount "112"]
[EventDate "2011.??.??"]
[WhiteTeam "Vereinigung der Schachsportfreun"]
[BlackTeam "SF Köln-Longerich 195"]

1. e4 e6 2. d4 d5 3. e5 c5 4. c3 Nc6 5. Nf3 Qb6 6. Be2 cxd4 7. cxd4 Nge7 8. Na3
Nf5 9. Nc2 Nb4 10. Be3 Nxc2+ 11. Qxc2 Bd7 12. O-O Rc8 13. Qd3 Be7 14. b3 O-O
15. g4 Nxe3 16. Qxe3 Bb5 17. Bd3 Bxd3 18. Qxd3 Ba3 19. Kh1 Qb4 20. Ng5 g6 21.
Qh3 h5 22. gxh5 Kg7 23. h6+ Kh8 24. Qf3 Qe7 25. Rg1 Bb2 26. Rad1 Rc3 27. Rd3
Rc2 28. b4 f6 29. Nxe6 Qxe6 30. Rxg6 Re8 31. Kg2 Rg8 32. Qxf6+ Qxf6 33. Rxg8+
Kxg8 34. exf6 Rc7 35. Re3 Bxd4 36. Re8+ Kf7 37. h7 Bxf6 38. h8=Q Bxh8 39. Rxh8
Ke6 40. h4 Rd7 41. h5 d4 42. h6 Kd5 43. Kf3 Kc4 44. Ke2 Kxb4 45. Rg8 Rh7 46.
Rg7 Rxh6 47. Rxb7+ Kc3 48. Rc7+ Kb4 49. Rxa7 Rf6 50. Rd7 Kc3 51. Rc7+ Kb4 52.
Rc2 Rd6 53. Kd3 Kb5 54. Rc4 Rf6 55. a4+ Ka5 56. Rxd4 Rxf2 1/2-1/2

[Event "?"]
[Site "?"]
[Date "2011.08.14"]
[Round "5.28"]
[White "Sewald, Jörg"]
[Black "Milde, Mathias"]
[Result "1/2-1/2"]
[WhiteElo "1525"]
[BlackElo "1711"]
[PlyCount "76"]
[EventDate "2011.??.??"]
[WhiteTeam "SF Esch e.V."]
[BlackTeam "SV Wiehl 1923 e.V."]

1. Nf3 Nf6 2. g3 c5 3. Bg2 Nc6 4. d3 d5 5. Nbd2 e6 6. O-O Qc7 7. Re1 b5 8. e4
d4 9. Nh4 e5 10. Nf1 Rb8 11. f4 Bd6 12. Nf5 O-O 13. Nxd6 Qxd6 14. fxe5 Nxe5 15.
Bf4 Rb6 16. Nd2 Qe7 17. Nf3 Ng6 18. Bg5 Ne5 19. Bf4 Nfg4 20. Bd2 Re8 21. Bf4
Qd8 22. Bd2 Rd6 23. Bf4 Rc6 24. Bd2 c4 25. Bf4 Nxf3+ 26. Bxf3 Ne5 27. Be2 Ng6
28. Bd2 f5 29. exf5 Bxf5 30. Bf3 Rce6 31. Rxe6 Bxe6 32. Qf1 Rf8 33. Qg2 Ne5 34.
Be4 cxd3 35. cxd3 Qd7 36. Bf4 Ng4 37. Bc6 Qf7 38. b3 Bd7 1/2-1/2

[Event "?"]
[Site "?"]
[Date "2011.08.14"]
[Round "5.29"]
[White "Gnass, Arno"]
[Black "Fieberg, Samuel"]
[Result "1-0"]
[WhiteElo "1700"]
[BlackElo "1530"]
[PlyCount "111"]
[EventDate "2011.??.??"]
[WhiteTeam "Turnerschaft Bergisch-Gladbach 1"]
[BlackTeam "SG Porz e.V."]

1. d4 d5 2. c4 c6 3. e3 Bf5 4. Nc3 e6 5. b3 Nf6 6. Bb2 Nbd7 7. Bd3 Bxd3 8. Qxd3
Bd6 9. Nf3 O-O 10. O-O Re8 11. Rfe1 dxc4 12. bxc4 e5 13. Qf5 exd4 14. exd4 Qc7
15. d5 cxd5 16. Nxd5 Nxd5 17. cxd5 f6 18. Rac1 Qd8 19. Nd4 Nc5 20. Ne6 Nxe6 21.
dxe6 Re7 22. Rcd1 Qb6 23. Ba1 Rae8 24. Bd4 Qa6 25. Be3 Rxe6 26. Qd5 Bb4 27. Rf1
b6 28. Qb3 Qa3 29. Qd5 Qa5 30. Qb7 R6e7 31. Rd7 Qxa2 32. h4 Rxd7 33. Qxd7 Re7
34. Qd8+ Kf7 35. h5 h6 36. Qc8 Qe6 37. Qc2 Bd6 38. Rd1 Qe5 39. Qg6+ Kf8 40. g3
Bb4 41. Qg4 Ba5 42. Bf4 Qe4 43. Rd8+ Kf7 44. Qc8 Re8 45. Bd6 Rxd8 46. Qxd8 Qb7
47. Bc7 Bb4 48. Bf4 Be7 49. Qd3 b5 50. Qg6+ Kf8 51. Bxh6 gxh6 52. Qxh6+ Ke8 53.
Qg6+ Kd7 54. h6 f5 55. h7 Qc8 56. Qxf5+ 1-0

[Event "?"]
[Site "?"]
[Date "2011.08.14"]
[Round "5.33"]
[White "Schüller, Tobias"]
[Black "Meinberger, Manfred"]
[Result "1/2-1/2"]
[WhiteElo "1852"]
[BlackElo "1577"]
[PlyCount "38"]
[EventDate "2011.??.??"]
[WhiteTeam "Eschweiler SC 1921 e.V."]
[BlackTeam "SGrupp Rochade Disteln 199"]

1. d4 e6 2. c4 f5 3. Nf3 Nf6 4. Nc3 Bb4 5. a3 Bxc3+ 6. bxc3 O-O 7. e3 d6 8. Be2
Nc6 9. O-O e5 10. a4 e4 11. Nd2 Ne7 12. Ba3 Nd7 13. Qb3 c5 14. f3 exf3 15. Bxf3
Rb8 16. e4 b6 17. Rae1 f4 18. Rf2 Ng6 19. Ref1 Qg5 1/2-1/2

[Event "?"]
[Site "?"]
[Date "2011.08.14"]
[Round "5.35"]
[White "Mertens, Yannick"]
[Black "Stelzer, Wolfgang"]
[Result "0-1"]
[WhiteElo "1070"]
[BlackElo "1771"]
[PlyCount "84"]
[EventDate "2011.??.??"]
[WhiteTeam "SF 1974 Heinsberg e.V"]
[BlackTeam "SC Wittlich 1947"]

1. e4 c5 2. Nf3 d6 3. d4 cxd4 4. Nxd4 Nf6 5. Nc3 a6 6. g3 e6 7. Bg2 Be7 8. O-O
O-O 9. Re1 Qc7 10. Be3 Nbd7 11. Nf3 Rb8 12. Qd2 b5 13. a3 Bb7 14. Bg5 Rfe8 15.
Rad1 Bf8 16. Bh4 Ng4 17. h3 Nge5 18. Qe2 Nxf3+ 19. Bxf3 Ne5 20. Bg2 Nc4 21. Rb1
Nxa3 22. bxa3 Qxc3 23. Rb3 Qc5 24. Qd2 Rec8 25. c3 f6 26. Qf4 Be7 27. Qg4 Qc4
28. Rbb1 Rf8 29. Rbd1 Bc8 30. Qf3 g5 31. Rd4 Qc5 32. Qh5 gxh4 33. e5 f5 34.
exd6 Bf6 35. d7 Bxd4 36. dxc8=Q Bxf2+ 37. Kh1 Qxc8 38. Re2 Bxg3 39. Qg5+ Kh8
40. Rd2 Qxc3 41. Rd1 Rbd8 42. Rf1 Qf6 0-1

[Event "?"]
[Site "?"]
[Date "2011.08.14"]
[Round "5.36"]
[White "Braun, Oskar"]
[Black "Rahmen, Christian"]
[Result "1-0"]
[WhiteElo "1738"]
[BlackElo "1572"]
[PlyCount "69"]
[EventDate "2011.??.??"]
[WhiteTeam "SV Wesel 1928 e.V."]
[BlackTeam "SG Porz e.V."]

1. d4 Nf6 2. c4 g6 3. Nc3 Bg7 4. e4 d6 5. Nf3 O-O 6. Be2 Na6 7. O-O c5 8. d5
Re8 9. Re1 Nc7 10. Qc2 e6 11. Bd3 exd5 12. cxd5 Ng4 13. h3 Ne5 14. Nxe5 Bxe5
15. Bd2 Qh4 16. Bf1 Bd4 17. Re2 f5 18. Kh2 Bxf2 19. Be1 Qf4+ 20. Kh1 Bd4 21.
Bd2 Qh4 22. Rae1 Bf2 23. Bg5 Qg3 24. Rxf2 Qxg5 25. Bc4 Bd7 26. a4 a6 27. Qb3
Qg3 28. Rfe2 b5 29. Re3 bxc4 30. Qb7 Qf4 31. Qxc7 Red8 32. e5 dxe5 33. Rxe5 Qd2
34. Re7 Qxb2 35. Qe5 1-0

[Event "?"]
[Site "?"]
[Date "2011.08.14"]
[Round "5.37"]
[White "Meul, Willi"]
[Black "Sherif, Amina"]
[Result "1-0"]
[WhiteElo "1672"]
[BlackElo "1559"]
[PlyCount "187"]
[EventDate "2011.??.??"]
[WhiteTeam "SV 1925 Hürth-Berrenra"]
[BlackTeam "SG Solingen e.V."]

1. d4 d5 2. Nf3 Nf6 3. e3 Bf5 4. c4 c6 5. Qb3 Qc7 6. Nc3 e6 7. Bd2 Nbd7 8. Rc1
Qb6 9. Qxb6 Nxb6 10. c5 Nbd7 11. b4 h6 12. a4 a6 13. Be2 Be7 14. O-O O-O 15. b5
axb5 16. axb5 Rfe8 17. Ra1 Reb8 18. Na2 Ne4 19. Nb4 Nxd2 20. Nxd2 cxb5 21. Bxb5
Nf6 22. Nb3 Kf8 23. Rfc1 Ne8 24. f3 Nc7 25. Be2 h5 26. Ra2 Rxa2 27. Nxa2 Ra8
28. Ra1 Bc2 29. Nac1 Rxa1 30. Nxa1 Ba4 31. Nab3 Ke8 32. Na5 Bc6 33. Nxc6 bxc6
34. Nb3 Kd7 35. f4 g6 36. Kf2 Bd8 37. Ke1 Nb5 38. Kd2 Nc7 39. Kc3 Ne8 40. Kb4
Nc7 41. Na5 Be7 42. Bd3 f5 43. Nb7 Kc8 44. Na5 Kd7 45. Be2 Bd8 46. Nb7 Be7 47.
Ka5 Na8 48. Ka6 Nc7+ 49. Kb6 Na8+ 50. Ka7 Nc7 51. Na5 Nb5+ 52. Kb7 Nc3 53. Bf3
Nb5 54. Nxc6 Bf6 55. Bd1 Nc3 56. Bc2 g5 57. g3 h4 58. Bd3 hxg3 59. hxg3 gxf4
60. gxf4 Bh4 61. Ne5+ Ke8 62. c6 Bd8 63. c7 Bxc7 64. Kxc7 Ke7 65. Nc6+ Kf6 66.
Bc2 Ne2 67. Kd7 Ng3 68. Bd3 Nh1 69. Nd8 Nf2 70. Be2 Ng4 71. Nxe6 Nxe3 72. Bf3
Nc2 73. Bxd5 Kg6 74. Bf3 Ne1 75. Be2 Ng2 76. Ke7 Ne3 77. Bf3 Nc4 78. d5 Nd2 79.
Be2 Ne4 80. d6 Nf6 81. d7 Nxd7 82. Kxd7 Kf6 83. Bd3 Kg6 84. Ke7 Kh5 85. Bxf5
Kh6 86. Kf7 Kh5 87. Kg7 Kh4 88. Bg6 Kg4 89. f5 Kh4 90. f6 Kg4 91. f7 Kh4 92.
f8=Q Kh3 93. Be4 Kg4 94. Qf4+ 1-0

[Event "?"]
[Site "?"]
[Date "2011.08.14"]
[Round "5.38"]
[White "Busse, Alexander"]
[Black "Sloka, Andreas"]
[Result "1-0"]
[WhiteElo "1578"]
[BlackElo "1523"]
[PlyCount "43"]
[EventDate "2011.??.??"]
[WhiteTeam "Brühler SK 1920 e.V."]
[BlackTeam "Krefelder SK Turm 1851 e"]

1. f4 d5 2. Nf3 c5 3. d4 e6 4. e3 Nc6 5. c3 Nf6 6. Bb5 Bd7 7. O-O Be7 8. Ne5
Nxe5 9. fxe5 Bxb5 10. exf6 gxf6 11. Rf3 Qc7 12. a4 Ba6 13. dxc5 Bc4 14. b3 Bxb3
15. Qxb3 O-O-O 16. Ba3 f5 17. Qb5 Bf6 18. a5 Be5 19. g3 h5 20. a6 h4 21. axb7+
Kb8 22. c6 1-0

[Event "?"]
[Site "?"]
[Date "2011.08.14"]
[Round "5.39"]
[White "Kaiser, Anton"]
[Black "Schwark, Mario"]
[Result "0-1"]
[WhiteElo "1217"]
[BlackElo "1842"]
[PlyCount "76"]
[EventDate "2011.??.??"]
[WhiteTeam "SV 1925 Hürth-Berrenra"]
[BlackTeam "SG Kalker/Deutze"]

1. e4 Nf6 2. Nc3 d6 3. d4 g6 4. b3 Bg7 5. Bb2 O-O 6. Nf3 c5 7. dxc5 dxc5 8. Bc4
Nxe4 9. Nxe4 Bxb2 10. Qxd8 Rxd8 11. Rb1 Bg7 12. Nfg5 e6 13. O-O Nc6 14. Rbd1 h6
15. Nf3 Nd4 16. Nxc5 b6 17. Nxd4 Rxd4 18. Rxd4 Bxd4 19. Ne4 Bb7 20. Rd1 Be5 21.
Ng3 Bc6 22. a4 a6 23. Be2 b5 24. axb5 axb5 25. f3 Ra2 26. Bd3 f5 27. Ne2 g5 28.
c4 b4 29. h3 Kf7 30. c5 Bd5 31. Bc4 Bxc4 32. bxc4 Rxe2 33. Rb1 Bg3 34. c6 Rc2
35. c7 Rxc4 36. Kf1 Bxc7 37. Ke2 Bd6 38. Rd1 Ke7 0-1

[Event "?"]
[Site "?"]
[Date "2011.08.14"]
[Round "5.40"]
[White "Schwibbert, Jonas"]
[Black "Margenberg, Volker"]
[Result "0-1"]
[WhiteElo "1163"]
[BlackElo "1713"]
[PlyCount "46"]
[EventDate "2011.??.??"]
[WhiteTeam "SV 1925 Hürth-Berrenra"]
[BlackTeam "SV Wiehl 1923 e.V."]

1. d4 Nf6 2. c4 g6 3. Nc3 d5 4. cxd5 Nxd5 5. e4 Nxc3 6. bxc3 Bg7 7. Nf3 O-O 8.
Be2 c5 9. Bb2 cxd4 10. Nxd4 Qa5 11. O-O Rd8 12. Qc2 Bd7 13. Nb3 Qc7 14. Rad1
Nc6 15. a3 Ne5 16. f4 Nc4 17. Bxc4 Qxc4 18. Nd2 Qa6 19. Qc1 Ba4 20. Rde1 Rac8
21. c4 Qb6+ 22. Kh1 Bxb2 23. Qb1 Rxd2 0-1

[Event "?"]
[Site "?"]
[Date "2011.08.14"]
[Round "5.41"]
[White "Kronseder, Michael"]
[Black "Halle, Julia"]
[Result "0-1"]
[WhiteElo "1552"]
[BlackElo "1206"]
[PlyCount "102"]
[EventDate "2011.??.??"]
[WhiteTeam "SV 1925 Hürth-Berrenra"]
[BlackTeam "SG Burgtonna"]

1. d4 d6 2. Nf3 g6 3. Bf4 Bg7 4. e4 Nd7 5. Bc4 c5 6. c3 Ngf6 7. e5 Nh5 8. Bg3
Nxg3 9. hxg3 cxd4 10. e6 fxe6 11. Nxd4 Nc5 12. Qe2 d5 13. Bb5+ Bd7 14. Na3 O-O
15. O-O-O a6 16. Bxd7 Qxd7 17. Rh3 Bf6 18. Rdh1 Rf7 19. Nac2 e5 20. Nf3 e4 21.
Nh2 Nd3+ 22. Kb1 Qb5 23. Na3 Qb6 24. Ng4 Kh8 25. Nxf6 exf6 26. Rf1 Rc8 27. Qc2
Rfc7 28. Qb3 Qd4 29. Rhh1 Qc5 30. Qc2 b5 31. Ka1 d4 32. Nb1 b4 33. c4 Qxc4 34.
Qxc4 Rxc4 35. Rh4 Rc2 36. Rfh1 h5 37. g4 Rxb2 38. gxh5 Rcc2 39. hxg6+ Kg7 40.
Rh7+ Kxg6 41. R1h6+ Kf5 42. Rh5+ Ke6 43. Ra5 Rxf2 44. Rxa6+ Ke5 45. Rh5+ Kf4
46. Rxf6+ Ke3 47. Rh3+ Ke2 48. Rxf2+ Kxf2 49. Rxd3 Rxb1+ 50. Kxb1 exd3 51. Kc1
Ke2 0-1

[Event "?"]
[Site "?"]
[Date "2011.08.14"]
[Round "5.42"]
[White "Mischke, Daniel"]
[Black "Statz, Samuel"]
[Result "1-0"]
[WhiteElo "1471"]
[BlackElo "995"]
[PlyCount "73"]
[EventDate "2011.??.??"]
[WhiteTeam "Sportgemeinschaft Kaarst 1912/35"]
[BlackTeam "SV Erftstadt e.V."]

1. d4 d5 2. c4 Nf6 3. cxd5 Nxd5 4. e4 Nf6 5. Nc3 Nc6 6. d5 Ne5 7. f4 Ng6 8. e5
Ng8 9. h4 e6 10. Qa4+ Bd7 11. Bb5 exd5 12. Bxd7+ Qxd7 13. Qxd7+ Kxd7 14. Nxd5
c6 15. Nc3 f6 16. Nf3 Ke6 17. g4 Kd7 18. e6+ Kc7 19. h5 N6e7 20. f5 Nd5 21.
Nxd5+ cxd5 22. Bf4+ Kb6 23. Be3+ Bc5 24. Bxc5+ Kxc5 25. Rc1+ Kd6 26. Kf2 Ne7
27. Rc2 g6 28. hxg6 hxg6 29. Rhc1 gxf5 30. Rc7 Kxe6 31. Re1+ Kd6 32. Rexe7 fxg4
33. Rcd7+ Kc5 34. Rc7+ Kd6 35. Nd4 Rh2+ 36. Kg1 a6 37. Nf5# 1-0

[Event "?"]
[Site "?"]
[Date "2011.08.14"]
[Round "5.45"]
[White "Steinberg, Florian"]
[Black "Sewald, Kathrin"]
[Result "1-0"]
[WhiteElo "1367"]
[BlackElo "847"]
[PlyCount "49"]
[EventDate "2011.??.??"]
[WhiteTeam "Klub Kölner SF e.V. 1"]
[BlackTeam "SG Porz e.V."]

1. d4 d5 2. c4 dxc4 3. Nc3 Nf6 4. Nf3 Bf5 5. e3 e6 6. Bxc4 Bd6 7. O-O O-O 8.
Re1 c5 9. e4 Bg6 10. e5 cxd4 11. Qxd4 Bxe5 12. Qxd8 Rxd8 13. Nxe5 Na6 14. Bxa6
bxa6 15. Nxg6 fxg6 16. Be3 Rab8 17. Rab1 h6 18. h3 g5 19. Bxa7 Rb7 20. Bc5 Re8
21. Bd4 Rbe7 22. Bxf6 gxf6 23. Re2 f5 24. Rbe1 e5 25. Nd5 1-0

[Event "?"]
[Site "?"]
[Date "2011.08.14"]
[Round "5.46"]
[White "Sherif, Malik"]
[Black "Klein, Andreas Peter"]
[Result "0-1"]
[WhiteElo "896"]
[BlackElo "1310"]
[PlyCount "112"]
[EventDate "2011.??.??"]
[WhiteTeam "SG Solingen e.V."]
[BlackTeam "SV 1925 Hürth-Berrenra"]

1. Nf3 Nf6 2. g3 d6 3. Bg2 e5 4. Nc3 Bf5 5. d3 Nc6 6. e4 Bg4 7. h3 Be6 8. Be3
d5 9. exd5 Nxd5 10. O-O Nxe3 11. fxe3 Bb4 12. a3 Bxc3 13. bxc3 O-O 14. d4 exd4
15. cxd4 Qd7 16. Kh2 Rfe8 17. Ne5 Nxe5 18. dxe5 Qxd1 19. Raxd1 c6 20. Rb1 Rab8
21. Be4 Bc4 22. Rf5 g6 23. Rg5 h6 24. Rg4 Rxe5 25. Bxg6 Be6 26. Bf5+ Kf8 27.
Bxe6 Rxe6 28. Re1 Rbe8 29. e4 f5 30. Rf4 Rxe4 31. Rxf5+ Kg7 32. Rxe4 Rxe4 33.
Ra5 a6 34. Rc5 Ra4 35. Rc3 h5 36. Rb3 b5 37. Kg2 Kf6 38. Rf3+ Ke5 39. Re3+ Re4
40. Rxe4+ Kxe4 41. Kf2 c5 42. Ke2 b4 43. axb4 cxb4 44. g4 hxg4 45. hxg4 a5 46.
g5 Kf5 47. g6 Kxg6 48. Kd3 a4 49. Kd2 a3 50. Kc1 Kf5 51. Kb1 Ke4 52. Ka2 Kd4
53. Kb3 Ke3 54. c3 a2 55. Kxa2 bxc3 56. Kb1 Kd2 0-1